Statistics for Cities by Letter - B

Click here to take the quiz!

General Stats

  • This quiz has been taken 129 times
    (62 since last reset)
  • The average score is 15 of 20

Answer Stats

ClueCity% Correct
Brandenburg Gate, The Wall, ReichstagBerlin
100%
Tienanmen Square, Forbidden City, PekingBeijing
98%
Founded in 1960 to replace Rio as a capitalBrasília
96%
Unofficial capital of the EUBrussels
96%
Universities include Harvard and MITBoston
95%
Capital of RomaniaBucharest
95%
Once two cities split either side of the DanubeBudapest
93%
9 de Julio Avenue, Rio de la Plata, Casa RosadaBuenos Aires
84%
In both Alabama and West MidlandsBirmingham
80%
Major wine city in South West FranceBordeaux
80%
Where Jesus was bornBethlehem
75%
Center of Learning in the Islamic Golden AgeBaghdad
71%
Largest city in the Basque CountryBilbao
69%
Bolívar Square, Monserrate Sanctuary, La CandelariaBogota
69%
Wat Phra Kaew, Grand Palace, Giant SwingBangkok
67%
Korean Port city, home to the World's largest department storeBusan
65%
Located where the Danube and Sava rivers joinBelgrade
55%
Nicknamed the Silicon Valley of IndiaBengaluru
55%
Ravens, Mobtown, Johns Hopkins UniversityBaltimore
51%
Shirvanshahs' Palace, Maiden Tower, City of WindsBaku
11%

Score Distribution

Percentile by Number Answered

Percent of People with Each Score

Your Score History

You have not taken this quiz since the last reset